Selected Aspects of the New Consumer Protection Legislation
Príspevok sa zameriava na novoprijaté právne predpisy na ochranu spotrebiteľa so špecifickým zameraním na práva spotrebiteľov a cenovú reguláciu. Nový zákon o ochrane spotrebiteľa zavádza komplexné reformy na zlepšenie ochrany spotrebiteľov a zabezpečenie spravodlivých cenových praktík. Medzi kľúčo...
Gespeichert in:
| 1. Verfasser: | |
|---|---|
| Weitere Verfasser: | , , |
| Format: | Buchkapitel |
| Sprache: | Englisch |
| Schlagworte: | |
| Tags: |
Keine Tags, Fügen Sie das erste Tag hinzu!
|
MARC
| LEADER | 00000naa a2200000 4500 | ||
|---|---|---|---|
| 001 | 0304757 | ||
| 005 | 20250121145736.7 | ||
| 041 | 0 | |a eng | |
| 044 | |a SK | ||
| 245 | 1 | 0 | |a Selected Aspects of the New Consumer Protection Legislation |c Eva Tináková, Hana Magurová, Michal Hutta, Matúš Radosa |
| 520 | |a Príspevok sa zameriava na novoprijaté právne predpisy na ochranu spotrebiteľa so špecifickým zameraním na práva spotrebiteľov a cenovú reguláciu. Nový zákon o ochrane spotrebiteľa zavádza komplexné reformy na zlepšenie ochrany spotrebiteľov a zabezpečenie spravodlivých cenových praktík. Medzi kľúčové ustanovenia patria opatrenia proti podvodným činnostiam, lepšia transparentnosť v reklame a informáciách o produktoch a spoľahlivé mechanizmy na riešenie sťažností spotrebiteľov. Zákon tiež presadzuje prísnejšie nariadenia o digitálnych trhoch a cenových kontrolách s cieľom obmedziť vykorisťovateľské ceny. Porovnaním tohto zákona s predchádzajúcou legislatívou štúdia poukazuje na pokroky a potenciálne výzvy. Zistenia naznačujú, že zákon má potenciál podporiť spravodlivejšie trhové prostredie, zvýšiť dôveru spotrebiteľov. Tento výskum prispieva k diskusii o právach spotrebiteľov a cenovej regulácii a poskytuje pohľad na efektívnosť právnych rámcov na moderných trhoch. | ||
| 610 | 2 | 0 | |a ochrana spotrebiteľa |
| 610 | 2 | 0 | |a regulácia cenová |
| 610 | 2 | 0 | |a legislatíva |
| 100 | 1 | |a Tináková, Eva, 1982- | |
| 700 | 1 | |a Magurová, Hana, 1986- | |
| 700 | 1 | |a Hutta, Michal, 1982- | |
| 700 | 1 | |a Radosa, Matúš, 1991- | |